000 00489nam a2200169Ia 4500
999 _c21736
_d21736
003 OSt
005 20200615103942.0
008 190216s9999||||xx |||||||||||||| ||und||
020 _a9780415707800
040 _coclc
082 _a305.480954
_bKIR/Q
100 _aKirmani, Nida
_92871
245 0 _aQuestioning The Muslim Woman /
_cNida Kirmani
260 _bRoutledge,
_c2013.
_aLondon:
300 _a227p
942 _cBK
_2ddc
_h305.480954
_iKIR/Q
_k305.480954
_mKIR/Q